Аксонометрические проекции (Запись № 12281601)

Подробности
000 -МАРКЕР
контрольное поле 01688nam0a2200313 i 4500
001 - ИДЕНТИФИКАТОР ЗАПИСИ
контрольное поле RU\NLR\BIBL_A\011562264
005 - ИДЕНТИФИКАТОР ВЕРСИИ
контрольное поле 20260405053151.0
010 ## - МЕЖДУНАРОДНЫЙ СТАНДАРТНЫЙ НОМЕР КНИГИ (ISBN)
Номер (ISBN) 9785703847596
Тираж 100
021 ## - НОМЕР ГОСУДАРСТВЕННОЙ РЕГИСТРАЦИИ
Код страны Российская Федерация
Номер 2017-91697
Номер Листа государственной регистраци 6561
035 ## - ДРУГИЕ СИСТЕМНЫЕ НОМЕРА
Идентификатор записи (RuMoRGB)009470927
035 ## - ДРУГИЕ СИСТЕМНЫЕ НОМЕРА
Идентификатор записи (NLR Aleph) 011562264
100 ## - ДАННЫЕ ОБЩЕЙ ОБРАБОТКИ
Данные общей обработки 20171220d2017 um y0rusy50 ca
101 0# - ЯЗЫК РЕСУРСА
Язык текста, звукозаписи и т.д. русский
102 ## - СТРАНА ПУБЛИКАЦИИ ИЛИ ПРОИЗВОДСТВА
Страна публикации Российская Федерация
105 ## - ПОЛЕ КОДИРОВАННЫХ ДАННЫХ: ТЕКСТОВЫЕ МАТЕРИАЛЫ, МОНОГРАФИЧЕСКИЕ
Кодированные данные о монографическом текстовом документе a|||j|||000zy
200 1# - ЗАГЛАВИЕ И СВЕДЕНИЯ ОБ ОТВЕТСТВЕННОСТИ
Основное заглавие Аксонометрические проекции
Сведения, относящиеся к заглавию учебное пособие
-- [для студентов 1-го курса МГТУ им. Н.Э. Баумана]
Первые сведения об ответственности Г. С. Иванов, М. А. Морозова
Последующие сведения об ответственности [МГТУ им. Н.Э. Баумана, Фак. "Робототехника и комплексная автоматизация", Каф. "Инженерная графика"]
210 ## - ПУБЛИКАЦИЯ, РАСПРОСТРАНЕНИЕ И ДР.
Место издания, распространения и т.д. Москва
Имя издателя, распространителя и т. д. Изд-во МГТУ им. Н.Э. Баумана
Дата издания, распространения и т.д. 2017
215 ## - ФИЗИЧЕСКАЯ ХАРАКТЕРИСТИКА
Специфическое обозначение материала и объем 32, [1] с.
Другие сведения о физической характеристике ил.
Размеры 21
320 ## - ПРИМЕЧАНИЯ О НАЛИЧИИ В ДОКУМЕНТЕ БИБЛИОГРАФИИ / УКАЗАТЕЛЯ
Текст примечания Библиогр.: с. 28
606 1# - НАИМЕНОВАНИЕ ТЕМЫ КАК ПРЕДМЕТ
Наименование темы Аксонометрические проекции
Формальный подзаголовок Учебные издания для высших учебных заведений
Тематический подзаголовок Построение
Системный номер авторитетной/нормативной записи 925431
Идентификатор авторитетной/нормативной записи RU\NLR\AUTH\6621205
686 ## - ИНДЕКСЫ ДРУГИХ КЛАССИФИКАЦИЙ
Индекс В181.191.1я73-1
Код системы
686 1# - ИНДЕКСЫ ДРУГИХ КЛАССИФИКАЦИЙ
Индекс В181.191.1я73-1
700 #1 - ИМЯ ЛИЦА - ПЕРВИЧНАЯ ОТВЕТСТВЕННОСТЬ
Графика поля Кириллица
Материалы, к которым относится поле rus
Начальный элемент ввода Иванов
Часть имени, кроме начального элемента ввода Г. С.
Дополнения к именам, кроме дат д-р техн. наук, начертат. геометрия
Даты 1940-
Расширение инициалов личного имени Геннадий Сергеевич
Системный номер авторитетной/нормативной записи 153
Идентификатор авторитетной/нормативной записи RU\NLR\AUTH\7717061
701 #1 - ИМЯ ЛИЦА - АЛЬТЕРНАТИВНАЯ ОТВЕТСТВЕННОСТЬ
Графика поля Кириллица
Материалы, к которым относится поле rus
Начальный элемент ввода Морозова
Часть имени, кроме начального элемента ввода М. А.
Дополнения к именам, кроме дат математик
Расширение инициалов личного имени Марина Алексеевна
Системный номер авторитетной/нормативной записи 183650
Идентификатор авторитетной/нормативной записи RU\NLR\AUTH\770183701
942 ## - ДОПОЛНИТЕЛЬНЫЕ ЭЛЕМЕНТЫ ЗАПИСИ (АБИС)
Тип экземпляра АБИС Книга
980 ## - КОЛЛЕКЦИЯ
Название коллекции НБР

Нет доступных экземпляров.